000 00847nam a2200169Ia 4500
001 6650
008 260622s9999 xx 000 0 und d
020 _a9789948203452
245 0 _aمشروع الإستراتيجية العربية للتنمية المسرحية:
_bوثائق ندوات و ملتقيات علمية عربية/
_cإسماعيل عبدالله، د. يوسف عايدابي، غنّام غنّام
260 _aالشارقة؛
_bالهيئة العربية للمسرح؛
_c2012
300 _a85p;
_c24x14cm
520 _aProject- Arab Strategy for the Development of Playwrighting/ Ismail Abdullah; Dr. Yousef Aydabi; Ghunnam Ghunnam Conference resources and Arabic sceintific meetings
546 _aArabic
650 _aPN2000-3307 Literature- Dramatic representation. The theater
651 _aArab World
942 _cBK
999 _c6650
_d6650